Construction technology : (Record no. 16693)
[ view plain ]
| 000 -LEADER | |
|---|---|
| fixed length control field | 00545nam a2200193Ia 4500 |
| 020 ## - INTERNATIONAL STANDARD BOOK NUMBER | |
| ISBN | 0026757540 |
| 040 ## - CATALOGING SOURCE | |
| Transcribing agency | DDC |
| 082 ## - DEWEY DECIMAL CLASSIFICATION NUMBER | |
| Classification number | 624 GLE 1991 A110 Or. |
| 100 1# - MAIN ENTRY--AUTHOR NAME | |
| Personal name | Fales, James |
| 245 10 - TITLE STATEMENT | |
| Title | Construction technology : |
| Remainder of title | today and tomorrow / |
| 260 ## - PUBLICATION, DISTRIBUTION, ETC. (IMPRINT) | |
| Place of publication | Mission Hills, Calif. : |
| Name of publisher | Glencoe/McGraw-Hill, |
| Year of publication | c1991 |
| 300 ## - PHYSICAL DESCRIPTION | |
| Number of Pages | 416 p. : |
| Other physical details | col. ill. ; |
| Dimensions | 27 cm |
| 650 #0 - SUBJECT ADDED ENTRY--TOPICAL TERM | |
| Topical Term | Engineering |
| 650 #0 - SUBJECT ADDED ENTRY--TOPICAL TERM | |
| Topical Term | Building |
| 650 #0 - SUBJECT ADDED ENTRY--TOPICAL TERM | |
| Topical Term | Engineering |
| 650 #0 - SUBJECT ADDED ENTRY--TOPICAL TERM | |
| Topical Term | Construction industry |
| 710 2# - ADDED ENTRY--CORPORATE NAME | |
| Corporate name or jurisdiction name as entry element | Ohio University Faculty Authors Collection. |
| 942 ## - ADDED ENTRY ELEMENTS (KOHA) | |
| Koha item type | សៀវភៅភាសាអង់គ្លេស |
| 952 ## - LOCATION AND ITEM INFORMATION (KOHA) | |
| Withdrawn status [LOCAL, KOHA] | 0 |
| Permanent Location | Date acquired | Koha item type | Lost status | Shelving location | Barcode | Current Location | Full call number |
|---|---|---|---|---|---|---|---|
| Library Block A | 2018-03-27 | សៀវភៅភាសាអង់គ្លេស | A107 | A18344 | Library Block A | 624 GLE 1991 A107 Or. |